[Event "18th Delhi GM Open 2020"]
[Site "Delhi"]
[Date "2020.01.12"]
[Round "6.16"]
[White "Pranesh M"]
[Black "Nguyen, Van Huy"]
[Result "1-0"]
[WhiteElo "2317"]
[BlackElo "2463"]
[Annotator "ChessBase"]
[PlyCount "89"]
[EventDate "2020.01.09"]
[EventType "swiss"]
[EventCountry "IND"]
[SourceTitle "playchess.com"]
[Source "ChessBase"]
[SourceQuality "1"]
[TimeControl "5400+30"]

1. e4 {[%emt 0:00:00]} c6 {[%emt 0:00:10]} 2. d4 {[%emt 0:00:00]} d5 {[%emt 0:00:15]} 3. e5 {[%emt 0:00:00]} Bf5 {[%emt 0:00:11]} 4. Nf3 {[%emt 0:00:00]} e6 {[%emt 0:00:28]} 5. Be2 {[%emt 0:00:00]} Bb4+ {[%emt 0:00:49]} 6. c3 {[%emt 0:00:30]} Ba5 {[%emt 0:00:30]} 7. Nbd2 {[%emt 0:00:32]} Nd7 {[%emt 0:01:54]} 8. O-O {[%emt 0:00:33]} h6 {[%emt 0:02:51]} 9. Re1 {[%emt 0:04:04]} Ne7 {[%emt 0:03:55]} 10. Nf1 {[%emt 0:00:29]} Bb6 {[%emt 0:19:38]} 11. Ng3 {[%emt 0:06:32]} Bg6 {[%emt 0:03:42]} 12. Nh4 {[%emt 0:04:51]} O-O {[%emt 0:09:21]} 13. Nxg6 {[%emt 0:07:10]} fxg6 {[%emt 0:01:22]} 14. Bd3 {[%emt 0:01:31]} Qe8 {[%emt 0:02:47]} 15. Be3 {[%emt 0:03:34]} c5 {[%emt 0:05:29]} 16. Bb5 {[%emt 0:06:29]} cxd4 {[%emt 0:04:31]} 17. cxd4 {[%emt 0:00:39]} a6 {[%emt 0:01:41]} 18. Ba4 {[%emt 0:04:26]} Ba5 {[%emt 0:01:54]} 19. Rf1 {[%emt 0:01:20]} b5 {[%emt 0:01:18]} 20. Bc2 {[%emt 0:00:08]} Nb6 {[%emt 0:01:47]} 21. b3 {[%emt 0:00:35]} Rc8 {[%emt 0:01:27]} 22. Rc1 {[%emt 0:01:34]} Qf7 {[%emt 0:01:34]} 23. Ne2 {[%emt 0:02:27]} Bb4 {[%emt 0:04:28]} 24. Bb1 {[%emt 0:04:19]} Nf5 {[%emt 0:02:36]} 25. Rxc8 {[%emt 0:02:01]} Nxc8 {[%emt 0:00:34]} 26. Bc1 {[%emt 0:01:20]} Nfe7 {[%emt 0:11:49]} 27. f4 {[%emt 0:06:16]} h5 {[%emt 0:01:59]} 28. g3 {[%emt 0:03:45]} Nf5 {[%emt 0:00:09]} 29. h3 {[%emt 0:01:23]} Nh6 {[%emt 0:00:23]} 30. Kg2 {[%emt 0:03:20]} Ne7 {[%emt 0:02:41]} 31. Be3 {[%emt 0:01:10]} Rc8 {[%emt 0:01:03]} 32. Bf2 {[%emt 0:00:50]} Qe8 {[%emt 0:01:44]} 33. Qd3 {[%emt 0:01:15]} a5 {[%emt 0:01:19]} 34. Qf3 {[%emt 0:01:22]} Ba3 {[%emt 0:04:54]} 35. g4 {[%emt 0:00:59]} hxg4 {[%emt 0:00:07]} 36. hxg4 {[%emt 0:00:01]} Bb2 {[%emt 0:00:20]} 37. Rh1 {[%emt 0:04:41]} Nc6 {[%emt 0:01:34]} 38. f5 {[%emt 0:04:24]} gxf5 {[%emt 0:01:36]} 39. gxf5 {[%emt 0:00:09]} exf5 {[%emt 0:00:11]} 40. Bxf5 {[%emt 0:00:56]} Rd8 {[%emt 0:01:16]} 41. Be3 {[%emt 0:01:54]} Qe7 {[%emt 0:01:20]} 42. Qh3 {[%emt 0:04:49]} Nxd4 {[%emt 0:02:17]} 43. Nxd4 {[%emt 0:00:37]} Bxd4 {[%emt 0:00:04]} 44. Be6+ {[%emt 0:00:19]} Kf8 {[%emt 0:00:22]} 45. Rf1+ {[%emt 0:00:09]} 1-0

[Event "18th Delhi GM Open 2020"]
[Site "Delhi"]
[Date "2020.01.12"]
[Round "6.17"]
[White "Yakubboev, Nodirbek"]
[Black "Bakshi, Rutuja"]
[Result "1-0"]
[WhiteElo "2597"]
[BlackElo "2118"]
[Annotator "ChessBase"]
[PlyCount "85"]
[EventDate "2020.01.09"]
[EventType "swiss"]
[EventCountry "IND"]
[SourceTitle "playchess.com"]
[Source "ChessBase"]
[SourceQuality "1"]
[TimeControl "5400+30"]

1. b4 {[%emt 0:00:00]} d5 {[%emt 0:00:12]} 2. Bb2 {[%emt 0:00:00]} Nf6 {[%emt 0:00:35]} 3. e3 {[%emt 0:00:00]} c6 {[%emt 0:01:19]} 4. c4 {[%emt 0:00:19]} g6 {[%emt 0:02:17]} 5. Nf3 {[%emt 0:01:04]} Bg7 {[%emt 0:00:16]} 6. Nc3 {[%emt 0:01:09]} O-O {[%emt 0:00:46]} 7. d4 {[%emt 0:00:33]} Bg4 {[%emt 0:01:54]} 8. h3 {[%emt 0:00:41]} Bxf3 {[%emt 0:01:29]} 9. Qxf3 {[%emt 0:00:02]} dxc4 {[%emt 0:00:22]} 10. Bxc4 {[%emt 0:00:10]} Nbd7 {[%emt 0:00:20]} 11. O-O {[%emt 0:00:59]} e5 {[%emt 0:03:35]} 12. b5 {[%emt 0:49:11]} exd4 {[%emt 0:05:06]} 13. exd4 {[%emt 0:01:04]} Nb6 {[%emt 0:01:34]} 14. Bb3 {[%emt 0:00:04]} Qd6 {[%emt 0:15:02]} 15. bxc6 {[%emt 0:01:56]} bxc6 {[%emt 0:03:00]} 16. Rfd1 {[%emt 0:00:50]} a5 {[%emt 0:03:23]} 17. Na4 {[%emt 0:04:15]} Nbd5 {[%emt 0:01:16]} 18. Rac1 {[%emt 0:02:47]} Rab8 {[%emt 0:07:42]} 19. Rc5 {[%emt 0:01:34]} Ra8 {[%emt 0:10:16]} 20. Ba3 {[%emt 0:05:30]} Qd7 {[%emt 0:01:01]} 21. Rc2 {[%emt 0:02:37]} Rfc8 {[%emt 0:00:56]} 22. Nc5 {[%emt 0:00:44]} Qa7 {[%emt 0:01:24]} 23. Bc1 {[%emt 0:03:48]} Nb6 {[%emt 0:03:24]} 24. Na4 {[%emt 0:04:33]} Nfd5 {[%emt 0:02:15]} 25. Nxb6 {[%emt 0:08:14]} Qxb6 {[%emt 0:00:08]} 26. Bg5 {[%emt 0:00:29]} h6 {[%emt 0:04:48]} 27. Bh4 {[%emt 0:02:22]} g5 {[%emt 0:10:38]} 28. Bg3 {[%emt 0:00:07]} a4 {[%emt 0:01:38]} 29. Rxc6 {[%emt 0:00:47]} Rxc6 {[%emt 0:00:10]} 30. Bxd5 {[%emt 0:00:07]} Rf6 {[%emt 0:00:10]} 31. Bxf7+ {[%emt 0:00:08]} Rxf7 {[%emt 0:01:41]} 32. Qxa8+ {[%emt 0:00:06]} Rf8 {[%emt 0:00:17]} 33. Qxa4 {[%emt 0:00:10]} Rd8 {[%emt 0:00:25]} 34. d5 {[%emt 0:00:10]} Bf8 {[%emt 0:00:09]} 35. Qe4 {[%emt 0:00:33]} Qf6 {[%emt 0:00:32]} 36. d6 {[%emt 0:00:35]} Qf7 {[%emt 0:00:08]} 37. a4 {[%emt 0:00:07]} Rd7 {[%emt 0:00:09]} 38. a5 {[%emt 0:00:40]} Qb3 {[%emt 0:00:32]} 39. Re1 {[%emt 0:00:55]} Qf7 {[%emt 0:00:20]} 40. a6 {[%emt 0:00:50]} Bxd6 {[%emt 0:00:16]} 41. Bxd6 {[%emt 0:00:16]} Rxd6 {[%emt 0:00:05]} 42. a7 {[%emt 0:00:11]} Qxa7 {[%emt 0:00:07]} 43. Qe8+ {[%emt 0:00:05]} 1-0

[Event "18th Delhi GM Open 2020"]
[Site "Delhi"]
[Date "2020.01.12"]
[Round "6.18"]
[White "Varun, Vij"]
[Black "Ponkratov, Pavel"]
[Result "1/2-1/2"]
[WhiteElo "1964"]
[BlackElo "2622"]
[Annotator "TA"]
[PlyCount "122"]
[EventDate "2020.01.09"]
[EventType "swiss"]
[EventCountry "IND"]
[SourceTitle "playchess.com"]
[Source "ChessBase"]
[SourceQuality "1"]

{[%evp 9,122,0,0,0,8,-43,-25,-34,10,15,2,6,21,26,28,16,23,23,27,22,28,0,0,0,0,0,0,0,0,0,-4,0,0,0,0,0,0,-5,8,0,28,14,24,18,31,-22,-19,-24,0,0,0,-40,-46,-43,-7,-50,-50,-50,-50,-50,-50,-50,-32,-56,-56,-56,-56,-56,-56,-59,-56,-56,-52,-59,-50,-67,-57,-59,-47,-47,-47,-47,-42,-42,-29,-30,-27,-93,-93,-93,-93,-86,-56,-64,-55,-97,-42,-42,-42,-42,-42,-57,-42,-66,-42,-60,-42,-110,-60,-139,-66,-139,-139,-139,-139]} 1. d4 Nf6 2. Bf4 c5 3. e3 e6 4. Nf3 Nc6 5. Nbd2 h6 6. h3 {A46: 1 d4 Nf6 2 Nf3 e6: Torre, London and Colle Systems} d5 7. Be2 $146 ({Better is} 7. Bb5 $11) ({Predecessor:} 7. c3 Bd6 8. Bxd6 Qxd6 9. Bb5 O-O 10. O-O Bd7 11. Re1 a6 12. Bxc6 Bxc6 {½-½ (32) Yatzenko,A (2383)-Ponkratov,P (2621) Sochi 2019}) 7... Qb6 $15 {[%cal Rc5d4]} 8. dxc5 {Black has an edge.} Bxc5 9. Rb1 O-O 10. O-O Re8 11. b4 Bf8 12. b5 Na5 13. c4 Qd8 14. Ne5 b6 15. Qa4 Bb7 16. Rfd1 Qe7 17. Nc6 Bxc6 $1 18. bxc6 Rec8 19. Be5 Nxc6 20. Bxf6 Qxf6 21. cxd5 exd5 22. Bf3 Ne7 23. Nb3 Qe5 24. Nd4 Qc7 25. Bg4 Rd8 26. Rbc1 Qe5 27. Nc6 (27. Bf3 $14) 27... Nxc6 $11 28. Qxc6 Rab8 29. Bd7 Bd6 30. g3 Qe7 31. Bg4 Be5 (31... Bc5 {is more complex.} 32. Rxd5 Rxd5 33. Qxd5 Bxe3 34. Re1 Qc5) 32. Rxd5 Rxd5 33. Qxd5 Bxg3 $1 34. Qd7 Qxd7 35. Bxd7 $15 {[%mdl 4096] Endgame KRB-KRB} Bd6 (35... Be5 {is interesting.} 36. f4 Bd6 37. Rd1 Bc5 38. Kf2 Rb7) 36. Rc8+ Rxc8 37. Bxc8 {KB-KB} b5 {[%cal Bb6b5,Bb5b4][%mdl 32]} 38. Ba6 b4 39. Kg2 Kf8 40. Kf3 Ke7 41. Ke4 Bh2 42. f3 Kf6 43. f4 Bg3 44. Kf3 Be1 45. e4 Ke7 46. e5 Bc3 47. Ke4 f6 48. exf6+ (48. Kf5 $11 {keeps the balance.}) 48... Kxf6 $17 49. Bc4 a5 50. Bb3 Ke7 51. Kd3 Kd6 52. h4 g6 (52... Kc5 $17) 53. Bf7 $15 Bf6 54. Bxg6 Bxh4 55. Bf7 Bd8 56. Ke4 Kc5 57. f5 Bf6 58. Be6 ({White should play} 58. Kf4 $15) 58... h5 59. Kf3 {[#]} (59. Bb3 $15) 59... Kd4 (59... a4 $1 $17 60. Kf4 Kd4) 60. Kg2 (60. Bb3 $15) 60... a4 $17 61. Kh1 Ke5 {Accuracy: White = 43%, Black = 48%.} 1/2-1/2

[Event "18th Delhi GM Open 2020"]
[Site "Delhi"]
[Date "2020.01.12"]
[Round "6.19"]
[White "Navalgund, Niranjan"]
[Black "Mchedlishvili, Mikheil"]
[Result "1/2-1/2"]
[WhiteElo "2246"]
[BlackElo "2578"]
[Annotator "ChessBase"]
[PlyCount "44"]
[EventDate "2020.01.09"]
[EventType "swiss"]
[EventCountry "IND"]
[SourceTitle "playchess.com"]
[Source "ChessBase"]
[SourceQuality "1"]
[TimeControl "5400+30"]

1. d4 {[%emt 0:00:00]} Nf6 {[%emt 0:00:00]} 2. c4 {[%emt 0:00:00]} e6 {[%emt 0:00:14]} 3. Nc3 {[%emt 0:00:00]} Bb4 {[%emt 0:00:41]} 4. e3 {[%emt 0:00:17]} c5 {[%emt 0:03:13]} 5. Bd3 {[%emt 0:02:31]} Nc6 {[%emt 0:00:41]} 6. Nf3 {[%emt 0:00:09]} Bxc3+ {[%emt 0:00:53]} 7. bxc3 {[%emt 0:00:04]} d6 {[%emt 0:01:01]} 8. e4 {[%emt 0:06:30]} e5 {[%emt 0:00:55]} 9. d5 {[%emt 0:00:09]} Ne7 {[%emt 0:00:29]} 10. Nh4 {[%emt 0:01:08]} h6 {[%emt 0:07:36]} 11. O-O {[%emt 0:09:32]} g5 {[%emt 0:03:10]} 12. Qf3 {[%emt 0:01:59]} Nfg8 {[%emt 0:04:35]} 13. Nf5 {[%emt 0:01:20]} Nxf5 {[%emt 0:04:10]} 14. exf5 {[%emt 0:00:04]} Qf6 {[%emt 0:00:24]} 15. g4 {[%emt 0:03:05]} h5 {[%emt 0:08:01]} 16. h3 {[%emt 0:02:24]} Bd7 {[%emt 0:10:53]} 17. Qg2 {[%emt 0:03:20]} hxg4 {[%emt 0:08:02]} 18. hxg4 {[%emt 0:00:17]} O-O-O {[%emt 0:00:17]} 19. Be3 {[%emt 0:02:38]} Ne7 {[%emt 0:03:42]} 20. f3 {[%emt 0:00:15]} Rh4 {[%emt 0:01:54]} 21. Bf2 {[%emt 0:09:55]} Rh6 {[%emt 0:01:00]} 22. Bg3 {[%emt 0:04:21]} Rdh8 {[%emt 0:01:30]} 1/2-1/2

[Event "18th Delhi GM Open 2020"]
[Site "Delhi"]
[Date "2020.01.12"]
[Round "6.20"]
[White "David, Alberto"]
[Black "Raahul V S"]
[Result "1-0"]
[WhiteElo "2562"]
[BlackElo "2233"]
[Annotator "ChessBase"]
[PlyCount "99"]
[EventDate "2020.01.09"]
[EventType "swiss"]
[EventCountry "IND"]
[SourceTitle "playchess.com"]
[Source "ChessBase"]
[SourceQuality "1"]
[TimeControl "5400+30"]

1. e4 {[%emt 0:00:00]} e5 {[%emt 0:00:00]} 2. Nf3 {[%emt 0:00:00]} Nc6 {[%emt 0:00:00]} 3. Bb5 {[%emt 0:00:03]} Nf6 {[%emt 0:00:00]} 4. d3 {[%emt 0:00:30]} Ne7 {[%emt 0:00:07]} 5. O-O {[%emt 0:12:19]} c6 {[%emt 0:00:37]} 6. Ba4 {[%emt 0:00:22]} Ng6 {[%emt 0:00:08]} 7. c3 {[%emt 0:00:48]} Be7 {[%emt 0:00:10]} 8. Re1 {[%emt 0:05:03]} O-O {[%emt 0:00:08]} 9. Bc2 {[%emt 0:00:17]} Re8 {[%emt 0:05:21]} 10. d4 {[%emt 0:04:18]} d6 {[%emt 0:00:17]} 11. Nbd2 {[%emt 0:04:13]} Bf8 {[%emt 0:00:46]} 12. a4 {[%emt 0:02:34]} Bg4 {[%emt 0:16:07]} 13. h3 {[%emt 0:00:59]} Bxf3 {[%emt 0:02:46]} 14. Nxf3 {[%emt 0:02:06]} d5 {[%emt 0:00:18]} 15. Bg5 {[%emt 0:09:31]} dxe4 {[%emt 0:06:43]} 16. Rxe4 {[%emt 0:00:49]} Qb6 {[%emt 0:06:31]} 17. Bxf6 {[%emt 0:07:06]} gxf6 {[%emt 0:00:02]} 18. dxe5 {[%emt 0:10:27]} fxe5 {[%emt 0:00:34]} 19. Ng5 {[%emt 0:01:04]} Bh6 20. Rb4 {[%emt 0:04:15]} Qd8 {[%emt 0:05:01]} 21. Ne4 {[%emt 0:00:23]} Re7 {[%emt 0:07:29]} 22. Qh5 {[%emt 0:03:34]} Qf8 {[%emt 0:00:57]} 23. Nd6 {[%emt 0:03:30]} Rd7 {[%emt 0:01:48]} 24. Nf5 {[%emt 0:02:18]} Bg7 {[%emt 0:00:15]} 25. Ng3 {[%emt 0:04:13]} Qe7 {[%emt 0:05:50]} 26. Bf5 {[%emt 0:02:14]} Rd4 {[%emt 0:05:13]} 27. cxd4 {[%emt 0:01:15]} Qxb4 {[%emt 0:00:03]} 28. dxe5 {[%emt 0:00:05]} Qxb2 {[%emt 0:01:38]} 29. Re1 {[%emt 0:07:37]} Qc3 {[%emt 0:02:43]} 30. Re4 {[%emt 0:02:47]} Qa1+ {[%emt 0:02:11]} 31. Nf1 {[%emt 0:00:05]} Re8 {[%emt 0:00:52]} 32. e6 {[%emt 0:00:19]} Qf6 {[%emt 0:00:18]} 33. Rg4 {[%emt 0:03:20]} Re7 {[%emt 0:03:12]} 34. Ng3 {[%emt 0:00:39]} Nf8 {[%emt 0:11:11]} 35. Rh4 {[%emt 0:06:17]} Nxe6 {[%emt 0:01:24]} 36. Ne4 {[%emt 0:01:48]} Qa1+ {[%emt 0:00:50]} 37. Kh2 {[%emt 0:00:01]} Qe5+ {[%emt 0:00:53]} 38. g3 {[%emt 0:00:15]} Nd4 {[%emt 0:02:31]} 39. Bxh7+ {[%emt 0:00:32]} Kf8 {[%emt 0:00:01]} 40. Qd1 {[%emt 0:00:46]} Qd5 {[%emt 0:00:25]} 41. Rh5 {[%emt 0:00:38]} f5 {[%emt 0:00:48]} 42. Ng5 {[%emt 0:01:09]} Bf6 {[%emt 0:01:59]} 43. Bxf5 {[%emt 0:00:29]} Nxf5 {[%emt 0:01:58]} 44. Qg4 {[%emt 0:00:12]} Bxg5 {[%emt 0:05:08]} 45. Qxg5 {[%emt 0:00:12]} Ng7 {[%emt 0:01:16]} 46. Qf6+ {[%emt 0:00:15]} Ke8 {[%emt 0:00:23]} 47. Rxd5 {[%emt 0:00:06]} cxd5 {[%emt 0:00:04]} 48. h4 {[%emt 0:00:23]} Ne6 {[%emt 0:01:06]} 49. h5 {[%emt 0:00:18]} Nf8 {[%emt 0:00:20]} 50. g4 {[%emt 0:00:55]} 1-0

[Event "18th Delhi GM Open 2020"]
[Site "Delhi"]
[Date "2020.01.12"]
[Round "6.21"]
[White "Lalith Babu M R"]
[Black "Wagh Suyog"]
[Result "1/2-1/2"]
[WhiteElo "2558"]
[BlackElo "2219"]
[Annotator "ChessBase"]
[PlyCount "63"]
[EventDate "2020.01.09"]
[EventType "swiss"]
[EventCountry "IND"]
[SourceTitle "playchess.com"]
[Source "ChessBase"]
[SourceQuality "1"]
[TimeControl "5400+30"]

1. d4 {[%emt 0:00:00]} Nf6 {[%emt 0:00:00]} 2. c4 {[%emt 0:00:00]} e6 {[%emt 0:00:10]} 3. Nc3 {[%emt 0:00:00]} d5 {[%emt 0:00:04]} 4. cxd5 {[%emt 0:00:06]} exd5 {[%emt 0:00:10]} 5. Bg5 {[%emt 0:00:06]} c6 {[%emt 0:00:23]} 6. e3 {[%emt 0:00:26]} Be7 {[%emt 0:00:18]} 7. Bd3 {[%emt 0:00:13]} Nbd7 {[%emt 0:00:06]} 8. Qc2 {[%emt 0:03:28]} Nh5 {[%emt 0:00:04]} 9. Bxe7 {[%emt 0:00:45]} Qxe7 {[%emt 0:00:02]} 10. O-O-O {[%emt 0:00:22]} Nb6 {[%emt 0:02:47]} 11. h3 {[%emt 0:01:11]} g6 {[%emt 0:03:19]} 12. Nf3 {[%emt 0:04:53]} Be6 {[%emt 0:05:39]} 13. Nd2 {[%emt 0:01:21]} O-O-O {[%emt 0:09:07]} 14. Na4 {[%emt 0:00:50]} Nxa4 {[%emt 0:02:48]} 15. Qxa4 {[%emt 0:00:11]} Kb8 {[%emt 0:00:07]} 16. Nb3 {[%emt 0:00:14]} Ng7 {[%emt 0:04:20]} 17. Nc5 {[%emt 0:00:45]} Bc8 {[%emt 0:06:57]} 18. Kb1 {[%emt 0:03:42]} Ne6 {[%emt 0:06:32]} 19. Nb3 {[%emt 0:10:41]} Bd7 {[%emt 0:09:12]} 20. Qa5 {[%emt 0:00:33]} Rc8 {[%emt 0:05:00]} 21. Rc1 {[%emt 0:01:03]} Rhe8 {[%emt 0:01:31]} 22. Rhd1 {[%emt 0:05:46]} Rc7 {[%emt 0:01:18]} 23. Nc5 {[%emt 0:01:23]} Nxc5 {[%emt 0:02:24]} 24. dxc5 {[%emt 0:00:32]} Qf6 {[%emt 0:00:48]} 25. Rd2 {[%emt 0:14:44]} Bf5 {[%emt 0:00:42]} 26. Qc3 {[%emt 0:01:47]} Bxd3+ {[%emt 0:02:49]} 27. Qxd3 {[%emt 0:00:19]} Rce7 {[%emt 0:02:46]} 28. Qd4 {[%emt 0:04:31]} Qg5 {[%emt 0:01:03]} 29. Qg4 {[%emt 0:00:09]} Qf6 {[%emt 0:09:29]} 30. Qg3+ {[%emt 0:02:07]} Kc8 {[%emt 0:01:16]} 31. Qg4+ {[%emt 0:00:46]} Kb8 {[%emt 0:00:10]} 32. Qg3+ {[%emt 0:00:17]} 1/2-1/2

[Event "18th Delhi GM Open 2020"]
[Site "Delhi"]
[Date "2020.01.12"]
[Round "6.22"]
[White "Debashis, Das"]
[Black "Sapaev, Maksad"]
[Result "1-0"]
[WhiteElo "2523"]
[BlackElo "2207"]
[Annotator "TA"]
[PlyCount "117"]
[EventDate "2020.01.09"]
[EventType "swiss"]
[EventCountry "IND"]
[SourceTitle "playchess.com"]
[Source "ChessBase"]
[SourceQuality "1"]

{[%evp 13,117,10,30,41,39,0,36,29,86,91,82,84,92,84,86,89,94,93,102,88,85,56,62,45,100,40,91,84,102,87,84,81,135,53,49,45,50,26,60,54,65,38,129,129,131,142,327,310,304,315,306,225,303,303,344,303,511,500,492,493,500,495,481,460,437,418,412,385,441,406,428,381,497,490,649,620,642,615,572,550,887,854,968,916,1373,1389,1188,1088,2424,2306,12840,12839,12840,12840,12841,12841,12841,12841,12841,12841,12846,12846,12848,12848,12849,12849]} 1. d4 Nf6 2. c4 e6 3. Nc3 Bb4 4. g3 O-O 5. Bg2 d5 6. Nf3 c5 7. O-O dxc4 8. dxc5 {E20: Nimzo-Indian: 4 g3 and 4 f3} Nc6 (8... Qxd1 9. Rxd1 Bxc5 10. Ne5 Nc6 11. Nxc6 bxc6 12. Na4 Be7 13. Bxc6 Rb8 14. Bf4 Bb7 15. Bb5 Rbc8 16. Rac1 Bc6 17. Nc3 Bxb5 18. Nxb5 Nd5 19. Bd6 {1-0 (53) Sorokin,A (2537)-Lobanov,S (2495) St Petersburg 2019}) 9. Qc2 Qa5 10. Na4 {White is slightly better.} b5 (10... Bxc5 $11 {remains equal.} 11. Nxc5 Qxc5) 11. a3 $16 {And now Ne5! would win.} Qxa4 $146 ({Predecessor:} 11... bxa4 12. axb4 Nxb4 13. Qxa4 Qxc5 14. Be3 Qe7 15. Qb5 Nd7 16. Bxa7 {½-½ (27) Hart,R (2256)-Watson,B (2256) Auckland 2009}) 12. Qxa4 bxa4 13. axb4 {Hoping for Ne5!} Ba6 14. Rxa4 Bb5 15. Ra1 Nd5 16. Bd2 a6 17. Rfd1 Rac8 18. Bc3 Ndxb4 (18... Ncxb4 $14 19. Be5 Rfd8) 19. Ng5 (19. Ne5 $1 $16) 19... Rcd8 (19... Nd5 $14) 20. Ne4 Nc2 21. Rab1 N2d4 22. Kf1 {Black must now prevent Nd6.} Ba4 (22... Nb3 $142) 23. Rd2 (23. Nd6 $1 $16 Nb3 24. Ra1 (24. Nxc4 Nxc5 25. Rxd8 Rxd8 $16) 24... Nxc5 25. Rxa4 $1 {[%mdl 576] Remove Defender} Nxa4 26. Bxc6 Nxc3 27. bxc3) 23... Nb3 $14 24. Rd6 $36 {[%mdl 2048] White has the initiative.} h6 25. g4 Rxd6 26. cxd6 Rd8 27. Rd1 Ne7 {[#]} ({Black should try} 27... f6 $14) 28. Nf6+ $1 $16 gxf6 29. Bxf6 {[%mdl 64] Pin} Bc6 $2 (29... Nc5 $16) 30. Bxe7 $18 Bxg2+ 31. Kxg2 {[%mdl 4096] Endgame KRB-KRN} Rd7 32. Kf3 a5 33. Bf6 Kh7 34. h4 Kg8 $2 (34... Nc5 35. Bc3 Nb7) 35. h5 Kh7 36. Ke3 Nc5 37. f4 Rb7 38. Rc1 Nd7 39. Bc3 Rb6 40. Rd1 f6 41. Rd4 Rc6 42. Bxa5 e5 43. Rd1 {White is clearly winning.} exf4+ 44. Kxf4 Kg7 45. Rd5 Kf7 46. Kf5 Rc8 47. Rb5 Re8 48. e4 Ra8 49. Bd2 Ra6 50. Bf4 Rc6 51. Rb7 Rc5+ 52. e5 $1 Ke8 {[#]} 53. Ke6 $1 Rxe5+ 54. Bxe5 Nc5+ 55. Kxf6 {Rh7 would kill now.} Nxb7 {KB-KN} 56. g5 hxg5 57. h6 Nd8 58. h7 Nf7 {[#]} 59. d7+ $1 {[%mdl 512] Accuracy: White = 63%, Black = 39%.} 1-0

[Event "18th Delhi GM Open 2020"]
[Site "Delhi"]
[Date "2020.01.12"]
[Round "6.23"]
[White "Srija, Seshadri"]
[Black "Grover, Sahaj"]
[Result "1-0"]
[WhiteElo "2225"]
[BlackElo "2521"]
[Annotator "ChessBase"]
[PlyCount "95"]
[EventDate "2020.01.09"]
[EventType "swiss"]
[EventCountry "IND"]
[SourceTitle "playchess.com"]
[Source "ChessBase"]
[SourceQuality "1"]
[TimeControl "5400+30"]

1. e4 {[%emt 0:00:00]} e5 {[%emt 0:01:21]} 2. Nf3 {[%emt 0:00:00]} Nc6 {[%emt 0:00:05]} 3. Bb5 {[%emt 0:00:00]} f5 {[%emt 0:02:11]} 4. d3 {[%emt 0:00:24]} fxe4 {[%emt 0:00:07]} 5. dxe4 {[%emt 0:00:05]} Nf6 {[%emt 0:00:03]} 6. O-O {[%emt 0:00:49]} d6 {[%emt 0:00:04]} 7. Nc3 {[%emt 0:02:04]} Be7 {[%emt 0:04:08]} 8. Qe2 {[%emt 0:04:18]} Bg4 {[%emt 0:01:44]} 9. Qc4 {[%emt 0:03:01]} Qd7 {[%emt 0:17:52]} 10. Ng5 {[%emt 0:01:01]} Bd8 {[%emt 0:08:29]} 11. f3 {[%emt 0:06:55]} h6 {[%emt 0:10:20]} 12. fxg4 {[%emt 0:01:08]} hxg5 {[%emt 0:00:08]} 13. h3 {[%emt 0:04:09]} Ng8 {[%emt 0:01:51]} 14. Be3 {[%emt 0:06:21]} Bf6 {[%emt 0:01:00]} 15. Nd5 {[%emt 0:01:32]} a6 {[%emt 0:00:56]} 16. Bxc6 {[%emt 0:01:06]} bxc6 {[%emt 0:00:08]} 17. Nb4 {[%emt 0:01:11]} Ne7 {[%emt 0:03:42]} 18. Nxa6 {[%emt 0:01:13]} Qc8 {[%emt 0:03:06]} 19. Nb4 {[%emt 0:00:25]} Qb7 {[%emt 0:00:02]} 20. Rad1 {[%emt 0:05:11]} Ra4 {[%emt 0:02:29]} 21. a3 {[%emt 0:00:59]} c5 {[%emt 0:00:42]} 22. Qb3 {[%emt 0:02:46]} Ra8 {[%emt 0:01:00]} 23. Nd5 {[%emt 0:06:20]} Qxb3 {[%emt 0:00:08]} 24. cxb3 {[%emt 0:00:11]} Nxd5 {[%emt 0:00:07]} 25. Rxd5 {[%emt 0:00:09]} Ke7 {[%emt 0:01:53]} 26. Rc1 {[%emt 0:03:23]} Ke6 {[%emt 0:03:33]} 27. Kf1 {[%emt 0:08:18]} Rhb8 {[%emt 0:02:19]} 28. Rd3 {[%emt 0:00:13]} Rb5 {[%emt 0:02:14]} 29. Ke2 {[%emt 0:01:37]} Be7 {[%emt 0:00:38]} 30. Bd2 {[%emt 0:07:38]} c6 {[%emt 0:03:36]} 31. b4 {[%emt 0:08:09]} d5 {[%emt 0:00:56]} 32. Rc2 {[%emt 0:06:01]} Ra4 {[%emt 0:00:56]} 33. Bc1 {[%emt 0:03:01]} Kd6 {[%emt 0:01:44]} 34. b3 {[%emt 0:03:52]} Ra6 {[%emt 0:03:26]} 35. bxc5+ {[%emt 0:00:53]} Rxc5 {[%emt 0:00:09]} 36. Rxc5 {[%emt 0:00:05]} Kxc5 {[%emt 0:00:05]} 37. a4 {[%emt 0:00:18]} Kb4 {[%emt 0:06:30]} 38. exd5 {[%emt 0:00:07]} e4 {[%emt 0:00:07]} 39. Rd4+ {[%emt 0:00:35]} Kxb3 {[%emt 0:01:11]} 40. Rxe4 {[%emt 0:00:39]} Bf6 {[%emt 0:00:24]} 41. dxc6 {[%emt 0:00:43]} Rxc6 {[%emt 0:00:06]} 42. Bd2 {[%emt 0:00:18]} Rc2 {[%emt 0:00:14]} 43. Kd3 {[%emt 0:01:27]} Rc7 {[%emt 0:01:07]} 44. a5 {[%emt 0:00:20]} Rd7+ {[%emt 0:00:33]} 45. Ke2 {[%emt 0:00:02]} Rd6 {[%emt 0:00:08]} 46. Rb4+ {[%emt 0:02:13]} Kc2 {[%emt 0:00:12]} 47. Be3 {[%emt 0:00:14]} Bd8 {[%emt 0:01:01]} 48. Rd4 {[%emt 0:01:08]} 1-0